Statystyki dla Flagi państw z najwyższym procentem pomarańczowego

Kliknij tutaj aby rozwiązać quiz!

Ogólne statystyki

  • Ten quiz został rozwiązany 15 293 razy
  • Średni wynik to 8 z 10

Statystyki odpowiedzi

Odpowiedź% Poprawnych
Cypr
98%
Indie
98%
Irlandia
98%
Armenia
87%
Bhutan
85%
Wybrzeże Kości Słoniowej
84%
Sri Lanka
81%
Niger
70%
Zambia
65%
Wyspy Marshalla
55%

Rozkład punktacji

Percentyl według liczby udzielonych odpowiedzi

Procent ludzi z każdym wynikiem

Twoja historia wyników

Nie rozwiązałeś tego quizu